000 01619cam a22004694i 4500
003 PE-LiUPU
005 20250731165627.0
008 150617s1982 ag r 000 0 spa d
020 _a0311036678
040 _bspa
_cPE-LiUPU
_erda
_dPE-LiUPU
049 _aPRUA
082 0 4 _a220.93
_bD545
_221
245 0 0 _aDiccionario bíblico arqueológico /
_cEditado por Charles Pfeiffer.
264 1 _aBuenos Aires :
_bMundo Hispano,
_c1982.
300 _a767 páginas ;
_c22 centímetros.
336 _atext
_2rdacontent
337 _aunmediated
_2rdamedia
338 _avolume
_2rdacarrier
505 0 _aDiccionario bíblico arqueológico de la A a la Z.
526 _aSEG44
526 _aSEG26
526 _aP151
526 _aP150
526 _aP149
526 _aP146
526 _aP145
526 _aP126
526 _aP125
526 _aP92
526 _aP75
526 _aP74
526 _aP27
526 _aP15
650 1 4 _aArqueologia bíblica
_vDiccionarios.
700 1 _aPfeiffer, Charles F,
_eeditor.
910 _ajck
942 _2ddc
_cBK
949 _aRC 220.93 D545
_wDEWEY
_c1
_i21658
_d2016-9-15
_e2016-9-13
_lCCODEBUL1
_mBUL
_n1
_q4
_r0
_sY
_tBOOK
_u2015-6-17
_xTEOLOGIA
_0COMPRA
_o.CIRCNOTE. No olvidar cambiar la fecha de devolución!!!!!!!
_o.STAFF. Colección General
949 _aRC 220.93 P51
_wDEWEY
_c1
_i39702
_d2016-9-15
_e2016-9-12
_lCCODEBUL1
_mBUL
_n7
_q4
_r0
_sY
_tBOOK
_u2015-6-16
_xTEOLOGIA
_zUNKNOWN
_0COMPRA
_o.CIRCNOTE. No olvidar cambiar la fecha de devolución!!!!!!!
_o.STAFF. Colección General
999 _c57353
_d57353
980 _81
_gALBERTO SANCHEZ Responsable de Automatización